[Event "Titled Tue 10th Jun Late"]
[Site "chess.com INT"]
[Date "2025.06.10"]
[Round "10"]
[White "Tahbaz, Arash"]
[Black "Firouzja, Alireza"]
[Result "0-1"]
[WhiteTitle "IM"]
[BlackTitle "GM"]
[WhiteElo "2462"]
[BlackElo "2766"]
[WhiteFideId "12528846"]
[BlackFideId "12573981"]
[EventDate "2025.06.10"]

1. Nf3 g6 2. g3 Bg7 3. Bg2 e5 4. d3 d5 5. O-O Nc6 6. Nbd2 Nge7 7. e4 O-O 8. b3
a5 9. a4 h6 10. Re1 Re8 11. Bb2 d4 12. Nc4 g5 13. Ba3 Ng6 14. h3 Bf8 15. Nh2
Bxa3 16. Rxa3 Kg7 17. Ra1 Rh8 18. Qh5 Be6 19. Bf3 Nce7 20. Bg4 Bxc4 21. bxc4 Ng8
22. Be2 Nf6 23. Qf3 h5 24. Qf5 Ng8 25. Nf3 f6 26. Nd2 Nh6 27. Qf3 Nf7 28. Rab1
b6 29. c5 bxc5 30. Rb5 Qe7 31. Nc4 g4 32. hxg4 Ng5 33. Qf5 h4 34. Kg2 Rh6 35.
Rh1 Rah8 36. Rb7 hxg3 37. Rxh6 Nf4+ 38. Qxf4 exf4 39. Rxh8 Kxh8 40. fxg3 Qh7 41.
gxf4 Qh3+ 42. Kf2 Qh4+ 43. Kg2 Ne6 0-1

[Event "Titled Tue 10th Jun Late"]
[Site "chess.com INT"]
[Date "2025.06.10"]
[Round "10"]
[White "Khlebovich, Alexander"]
[Black "Sjugirov, Sanan"]
[Result "0-1"]
[WhiteTitle "IM"]
[BlackTitle "GM"]
[WhiteElo "2423"]
[BlackElo "2635"]
[WhiteFideId "4169123"]
[BlackFideId "4189302"]
[EventDate "2025.06.10"]

1. d4 Nf6 2. c4 e6 3. Nf3 Nc6 4. g3 d5 5. Bg2 Be7 6. O-O O-O 7. Ne5 Ne4 8. Nxc6
bxc6 9. Nc3 Nxc3 10. bxc3 Ba6 11. c5 e5 12. dxe5 Bxc5 13. Re1 Re8 14. e4 Rxe5
15. Bf4 Re8 16. Qg4 Qf6 17. exd5 Qxc3 18. Rec1 Qb2 19. dxc6 Qxf2+ 20. Kh1 Be2
21. Qh3 Be3 22. Bxe3 Qxe3 23. Qd7 Bf3 24. Qxc7 Qf2 25. Bxf3 Qxf3+ 26. Kg1 Re2 0-1

[Event "Titled Tue 10th Jun Late"]
[Site "chess.com INT"]
[Date "2025.06.10"]
[Round "10"]
[White "Ermachenko, Manuel"]
[Black "Vasquez Schroeder, Rodrigo"]
[Result "1-0"]
[WhiteTitle "CM"]
[BlackTitle "GM"]
[WhiteElo "2277"]
[BlackElo "2446"]
[WhiteFideId "24560952"]
[BlackFideId "3400042"]
[EventDate "2025.06.10"]

1. e4 e6 2. d4 d5 3. Nc3 Bb4 4. e5 c5 5. a3 Bxc3+ 6. bxc3 Ne7 7. Qg4 cxd4 8. Bd3
Qa5 9. Ne2 Ng6 10. f4 Nd7 11. h4 O-O 12. h5 f5 13. Qg5 Nh8 14. Bd2 dxc3 15. Bxc3
Qd8 16. Qg3 Nf7 17. Bb4 Re8 18. h6 g6 19. a4 b6 20. a5 Nc5 21. axb6 Qxb6 22. Ba5
Nxd3+ 23. cxd3 Qb2 24. Bc3 Qb6 25. Bd4 Qc7 26. Qh4 Qe7 27. Qxe7 Rxe7 28. Nc3 Rb7
29. Na4 Bd7 30. Nc5 Rc7 31. Kd2 a5 32. Rab1 Bc8 33. Na4 Nd8 34. Rhc1 Rxc1 35.
Rxc1 Ba6 36. Rc7 Nf7 37. Nb6 Rb8 38. Nd7 Rc8 39. Nf6+ Kf8 40. Nxh7+ Kg8 41. Nf6+
Kf8 42. Bc5+ 1-0

[Event "Titled Tue 10th Jun Late"]
[Site "chess.com INT"]
[Date "2025.06.10"]
[Round "10"]
[White "Veiga, Emerson de Sousa"]
[Black "Winkels, Marcel"]
[Result "1-0"]
[BlackTitle "CM"]
[WhiteElo "2150"]
[BlackElo "1905"]
[WhiteFideId "2151898"]
[BlackFideId "1003887"]
[EventDate "2025.06.10"]

1. e4 c5 2. Nf3 d6 3. d4 cxd4 4. Nxd4 Nf6 5. Nc3 a6 6. Be3 e5 7. Nb3 Be6 8. f3
h5 9. Qd2 Nbd7 10. O-O-O Be7 11. g3 Rc8 12. Kb1 b5 13. Nd5 Nxd5 14. exd5 Bf5 15.
Bd3 Bxd3 16. Qxd3 Qc7 17. Qd2 Bd8 18. f4 O-O 19. g4 h4 20. f5 e4 21. g5 Ne5 22.
Rc1 Nf3 23. Qf2 a5 24. c3 Qd7 25. Nd4 Nxd4 26. Bxd4 Bxg5 27. Rcg1 f6 28. Rg4
Rfe8 29. Be3 Bxe3 30. Qxe3 b4 31. Rhg1 Re7 32. cxb4 a4 33. b5 Qxf5 34. b6 Qxd5
35. a3 Rb8 36. Qh6 Qf7 37. Rxh4 Qe6 38. Qh8+ Kf7 39. Rxg7# 1-0

[Event "Titled Tue 10th Jun Late"]
[Site "chess.com INT"]
[Date "2025.06.10"]
[Round "10"]
[White "Medina Paz, Miguel"]
[Black "Araujo Filho, Luiz Antonio Coel"]
[Result "1-0"]
[WhiteTitle "IM"]
[WhiteElo "2368"]
[BlackElo "2077"]
[WhiteFideId "7300379"]
[BlackFideId "2130661"]
[EventDate "2025.06.10"]

1. d4 f5 2. g3 Nf6 3. Bg2 g6 4. Nf3 Bg7 5. O-O O-O 6. c4 d6 7. b3 Nc6 8. Bb2 Qe8
9. d5 Nd8 10. Nd4 e5 11. dxe6 Nxe6 12. Nc3 Nxd4 13. Qxd4 Ne4 14. Qd3 Nxc3 15.
Bxc3 Bxc3 16. Qxc3 Qe5 17. Qxe5 dxe5 18. Rfd1 c6 19. Rd6 Re8 20. e4 Be6 21. exf5
gxf5 22. Re1 e4 23. Red1 Kf7 24. Kf1 Ke7 25. Ke2 Red8 26. Rxd8 Rxd8 27. Rxd8
Kxd8 28. Ke3 c5 29. Kf4 Ke7 30. Ke5 a6 31. Bh3 b5 32. Bf1 bxc4 33. Bxc4 Bc8 34.
Bg8 1-0

[Event "Titled Tue 10th Jun Late"]
[Site "chess.com INT"]
[Date "2025.06.10"]
[Round "10"]
[White "Hofstadler, Mario"]
[Black "Donoso Aguirre, Maximiliano"]
[Result "0-1"]
[WhiteTitle "CM"]
[BlackTitle "CM"]
[WhiteElo "2172"]
[BlackElo "2050"]
[WhiteFideId "1660497"]
[BlackFideId "3458920"]
[EventDate "2025.06.10"]

1. e4 e5 2. Nf3 Nc6 3. Bc4 Bc5 4. c3 Nf6 5. d3 a6 6. h3 d6 7. a4 Ba7 8. Nbd2 O-O
9. Nf1 d5 10. exd5 Nxd5 11. Be3 Bxe3 12. Nxe3 Nxe3 13. fxe3 Qe7 14. e4 Be6 15.
Bxe6 Qxe6 16. O-O Rad8 17. Qe2 f6 18. Rfd1 Qd6 19. Qc2 Qc5+ 20. Qf2 Qe7 21. b4
Rd7 22. Qa2+ Kh8 23. Rd2 Rfd8 24. Rad1 Qd6 25. d4 exd4 26. Nxd4 Ne5 27. Nf5 Qb6+
28. Kh2 Qc6 29. Rxd7 Rxd7 30. Rxd7 Qxd7 31. Qc4 Nxc4 0-1

[Event "Titled Tue 10th Jun Late"]
[Site "chess.com INT"]
[Date "2025.06.10"]
[Round "10"]
[White "Castillo Pena, Patricia Evarista"]
[Black "Harish, Neeraj"]
[Result "0-1"]
[WhiteTitle "WFM"]
[BlackTitle "CM"]
[WhiteElo "1909"]
[BlackElo "2192"]
[WhiteFideId "6412106"]
[BlackFideId "30958130"]
[EventDate "2025.06.10"]

1. d4 d5 2. Nf3 Nf6 3. e3 c5 4. Bd3 Nc6 5. b3 cxd4 6. exd4 Bg4 7. Bb2 e6 8. Nbd2
Bd6 9. O-O O-O 10. Re1 Rc8 11. a3 Qc7 12. Qb1 Bh5 13. c4 Bg6 14. Bxg6 hxg6 15.
Ne5 Nd7 16. Ndf3 dxc4 17. bxc4 Ndxe5 18. Nxe5 Nxe5 19. dxe5 Be7 20. Rc1 Rfd8 21.
Qe4 Rd2 22. Bd4 Rd8 23. Be3 R2d7 24. Rab1 b6 25. h3 Bc5 26. Bxc5 Qxc5 27. a4 Rd4
28. Qe2 Rd2 29. Qe1 Ra2 30. Rb5 Qd4 31. a5 bxa5 32. Rxa5 Rxa5 33. Qxa5 Rc8 34.
c5 Qxe5 35. Qxa7 g5 36. c6 Rc7 37. Qb8+ Kh7 38. Qb6 Qd6 39. Qb1+ g6 40. Qb5 e5 0-1

[Event "Titled Tue 10th Jun Late"]
[Site "chess.com INT"]
[Date "2025.06.10"]
[Round "10"]
[White "Khanbutaev, Artemii"]
[Black "Hariharan, Shambavi"]
[Result "1/2-1/2"]
[BlackTitle "WCM"]
[WhiteElo "2139"]
[BlackElo "1936"]
[WhiteFideId "55747175"]
[BlackFideId "488160"]
[EventDate "2025.06.10"]

1. d4 d5 2. c4 e6 3. Nf3 Nf6 4. g3 Bb4+ 5. Bd2 Be7 6. Bg2 O-O 7. O-O Nbd7 8. Qc2
c6 9. Rc1 Ne4 10. Be1 f5 11. Nc3 Ndf6 12. Ne5 Bd6 13. f3 Nxc3 14. Bxc3 Bxe5 15.
dxe5 Nd7 16. e4 fxe4 17. fxe4 Qb6+ 18. Kh1 Rf2 19. Qd3 Nc5 20. Qd4 Nxe4 21. Bxe4
dxe4 22. Qxe4 c5 23. Rd1 Qc7 24. Rd6 Bd7 25. Kg1 Raf8 26. Qg4 Bc6 27. Qxe6+ Kh8
28. Rd2 Rxd2 29. Bxd2 Qd8 30. Qd6 Qe8 31. Bf4 h6 32. Rd1 Rg8 33. Bxh6 Qh5 34.
Bf4 Qf3 35. Rd5 Bxd5 36. Qxd5 Qe2 37. e6 Re8 38. Be5 Qe1+ 39. Kg2 Qe2+ 40. Kg1
Qe1+ 41. Kg2 Qe2+ 42. Kh3 Qh5+ 43. Kg2 Qe2+ 1/2-1/2

[Event "Titled Tue 10th Jun Late"]
[Site "chess.com INT"]
[Date "2025.06.10"]
[Round "10"]
[White "Sakmak, Kutay"]
[Black "Ernst, Luca"]
[Result "1-0"]
[WhiteTitle "CM"]
[BlackTitle "FM"]
[WhiteElo "2158"]
[BlackElo "2215"]
[WhiteFideId "44581939"]
[BlackFideId "45117055"]
[EventDate "2025.06.10"]

1. e4 e5 2. Nf3 Nc6 3. Bc4 Nf6 4. d3 Be7 5. O-O d6 6. h3 h6 7. c3 a6 8. Bb3 g5
9. Nh2 Rg8 10. Nd2 h5 11. Nc4 Be6 12. Ne3 Qd7 13. d4 Bxb3 14. axb3 exd4 15. cxd4
Nxe4 16. Qxh5 Nxd4 17. Nd5 O-O-O 18. Qxf7 Rdf8 19. Nxe7+ Kb8 20. Qc4 Nxb3 21.
Nxg8 Nxa1 22. Be3 d5 23. Qd4 c5 24. Qe5+ Qc7 25. Qxd5 1-0

[Event "Titled Tue 10th Jun Late"]
[Site "chess.com INT"]
[Date "2025.06.10"]
[Round "10"]
[White "Vifleemskaia, Svetlana"]
[Black "Oksendal, Martin"]
[Result "0-1"]
[WhiteTitle "WFM"]
[BlackTitle "FM"]
[WhiteElo "1942"]
[BlackElo "2235"]
[WhiteFideId "4129490"]
[BlackFideId "1554107"]
[EventDate "2025.06.10"]

1. d4 Nf6 2. c4 e6 3. Nc3 d5 4. cxd5 exd5 5. Bg5 Be7 6. e3 O-O 7. Bd3 c6 8. Qc2
h6 9. Bh4 Ne8 10. Bg3 Bd6 11. Nge2 Bxg3 12. Nxg3 Nd6 13. O-O Nd7 14. f3 Qg5 15.
Rae1 Qf6 16. Qd2 g6 17. Bb1 Nc4 18. Qc1 h5 19. b3 Nd6 20. Qd2 Qg5 21. f4 Qg4 22.
f5 h4 23. Rf4 Qg5 24. Nh1 Nf6 25. fxg6 fxg6 26. e4 dxe4 27. Nxe4 Nfxe4 28. Rxf8+
Kxf8 29. Qb4 Qd2 30. Qxd2 Nxd2 31. Bxg6 Kg7 32. Bd3 Bf5 33. Nf2 Bxd3 34. Nxd3
N2e4 35. Ne5 Nf6 36. h3 Re8 37. Kf2 Nf5 38. Rd1 Nxd4 39. Rxd4 Rxe5 40. Rxh4 Re4
41. Rxe4 Nxe4+ 42. Kf3 Nc3 43. a4 b5 44. axb5 cxb5 45. Ke3 a5 46. Kd4 Ne2+ 47.
Kd3 Nf4+ 48. Kd4 Ne6+ 49. Kd5 Kf6 50. g4 b4 0-1

[Event "Titled Tue 10th Jun Late"]
[Site "chess.com INT"]
[Date "2025.06.10"]
[Round "10"]
[White "Ambartsumova, Karina"]
[Black "Alvarado, Carlos"]
[Result "1-0"]
[WhiteTitle "IM"]
[BlackTitle "CM"]
[WhiteElo "2403"]
[BlackElo "2032"]
[WhiteFideId "4166299"]
[BlackFideId "3800555"]
[EventDate "2025.06.10"]

1. Nf3 d5 2. c4 e6 3. e3 Nf6 4. Nc3 Be7 5. b3 O-O 6. Bb2 Nbd7 7. Be2 b6 8. cxd5
exd5 9. d4 Bb7 10. O-O c6 11. Rc1 Re8 12. Ne5 Nxe5 13. dxe5 Nd7 14. f4 Bc5 15.
Rf3 f6 16. Na4 fxe5 17. Nxc5 bxc5 18. fxe5 Nxe5 19. Rg3 a5 20. Rxc5 Qe7 21. Qd4
a4 22. b4 a3 23. Bc3 Ba6 24. Bh5 g6 25. Rxc6 Nxc6 26. Qh8+ Kf7 27. Qxh7+ Ke6 28.
Rxg6+ Kd7 29. Bg4+ Kc7 30. Rg7 Bc4 31. Bf6 Qxg7 32. Qxg7+ Kb6 33. Bd4+ Nxd4 34.
Qxd4+ Ka6 35. Bd7 Red8 36. Bc6 Rac8 37. Qc5 Rc7 38. Qa5# 1-0

[Event "Titled Tue 10th Jun Late"]
[Site "chess.com INT"]
[Date "2025.06.10"]
[Round "10"]
[White "Sieciechowicz, Marcin"]
[Black "Szpar, Milosz"]
[Result "0-1"]
[WhiteTitle "IM"]
[BlackTitle "IM"]
[WhiteElo "2413"]
[BlackElo "2495"]
[WhiteFideId "1130170"]
[BlackFideId "1184989"]
[EventDate "2025.06.10"]

1. d4 Nf6 2. c4 c5 3. d5 e6 4. Nc3 exd5 5. cxd5 d6 6. Nf3 g6 7. Bf4 Bg7 8. e3
O-O 9. h3 Na6 10. Be2 Nc7 11. O-O Rb8 12. a4 Re8 13. Re1 a6 14. a5 b5 15. axb6
Rxb6 16. Ra2 Ncxd5 17. Nxd5 Nxd5 18. Bg5 Qc7 19. Qd2 Nb4 20. Raa1 Nc6 21. Rad1
Ne5 22. Bf4 Rxb2 23. Qxd6 Qxd6 24. Rxd6 Nxf3+ 25. Bxf3 c4 26. Bc6 Rf8 27. e4 c3
28. e5 Be6 29. Rc1 c2 30. Be4 Rc8 31. Rd2 Bf5 32. Bxf5 gxf5 33. Kh2 a5 34. Rd5
a4 35. Ra5 Rb4 36. Bd2 Rbc4 37. f4 Bf8 38. Ra1 Bb4 0-1

[Event "Titled Tue 10th Jun Late"]
[Site "chess.com INT"]
[Date "2025.06.10"]
[Round "10"]
[White "Yushko, Olga"]
[Black "Uyanga, Byambaa"]
[Result "1-0"]
[WhiteTitle "WFM"]
[BlackTitle "WFM"]
[WhiteElo "2033"]
[BlackElo "2006"]
[WhiteFideId "14114500"]
[BlackFideId "2054906"]
[EventDate "2025.06.10"]

1. d4 Nf6 2. c4 g6 3. Nc3 Bg7 4. Nf3 O-O 5. Bg5 d6 6. e3 c5 7. Be2 cxd4 8. Nxd4
Nc6 9. O-O Bd7 10. Bf3 Rc8 11. b3 h6 12. Bh4 a6 13. Rc1 Qa5 14. Nde2 Ne5 15.
Bxb7 Rb8 16. Bd5 e6 17. Be4 g5 18. Bg3 Nxe4 19. Nxe4 Qxa2 20. Nxd6 Qxb3 21. Qxb3
Rxb3 22. Nd4 Rb2 23. c5 Rd8 24. c6 Bxc6 25. Nxc6 Nxc6 26. Rxc6 e5 27. h4 a5 28.
hxg5 hxg5 29. Nc4 Rc2 30. Nxa5 Rxc6 31. Nxc6 Rd5 32. Ne7+ Kf8 33. Nxd5 Ke8 34.
Rb1 Kd7 35. e4 Ke6 36. Rb6+ Kd7 37. Rb7+ Ke8 38. Nf6+ Kf8 39. Nd7+ Kg8 40. Nxe5
f5 41. exf5 g4 42. Nxg4 Kh8 43. f6 Bxf6 44. Be5 Bxe5 45. Nxe5 Kg8 46. f4 Kh8 47.
f5 Kg8 48. f6 Kf8 49. f7 Kg7 50. Rb8 Kh6 51. f8=Q+ Kh7 52. Rb7# 1-0

[Event "Titled Tue 10th Jun Late"]
[Site "chess.com INT"]
[Date "2025.06.10"]
[Round "10"]
[White "Melian, Juan Sebastian"]
[Black "Xia, Joshua"]
[Result "1-0"]
[WhiteTitle "FM"]
[WhiteElo "2358"]
[BlackElo "2035"]
[WhiteFideId "3706575"]
[BlackFideId "30987830"]
[EventDate "2025.06.10"]

1. b3 Nf6 2. Bb2 g6 3. Nf3 Bg7 4. e3 O-O 5. g3 d5 6. Bg2 c5 7. O-O Nc6 8. Qe2
Bf5 9. c4 dxc4 10. Qxc4 Bd3 11. Qxc5 Bxf1 12. Bxf1 Rc8 13. Nc3 Ne4 14. Nxe4 Nd4
15. Qxd4 Bxd4 16. Bxd4 Qd5 17. d3 Rfd8 18. h4 h6 19. Bxa7 Rc2 20. Bd4 f5 21.
Ned2 e5 22. Bb6 Rd6 23. Ba7 Ra6 24. Bb8 Ra8 25. e4 fxe4 26. dxe4 Qe6 27. Bxe5
Rxd2 28. Bc4 Qxc4 29. bxc4 Rdxa2 30. Rb1 Rc2 31. Rxb7 Raa2 32. Bd4 Rxc4 33. Be3
Rxe4 34. Bxh6 Ree2 35. Be3 Rec2 36. Ne5 Ra6 37. Kg2 Re6 38. Ng4 Rc4 39. Kf3 Ra4
40. Nh6+ Kf8 41. Bc5+ Ke8 42. Ng4 Rc6 43. Be3 Re6 44. Bf4 Ra3+ 45. Ne3 Ra4 46.
Kg4 Kf8 47. Nd5 Kg8 48. Rd7 Kh8 49. Kg5 Ra5 50. Kh6 Ra8 51. Rh7+ Kg8 52. Ne7+
Kf8 53. Nxg6+ Kg8 54. Rh8+ Kf7 55. Rxa8 Rxg6+ 56. Kh5 Kg7 57. Ra7+ Kf6 58. Ra6+ 1-0

[Event "Titled Tue 10th Jun Late"]
[Site "chess.com INT"]
[Date "2025.06.10"]
[Round "10"]
[White "Dauer, Andre Leonardo"]
[Black "Miserendino, Alfredo"]
[Result "0-1"]
[WhiteTitle "CM"]
[WhiteElo "2138"]
[BlackElo "2032"]
[WhiteFideId "2126915"]
[BlackFideId "101800"]
[EventDate "2025.06.10"]

1. e4 c5 2. Nf3 e6 3. d3 Nf6 4. g3 Be7 5. Bg2 O-O 6. O-O d5 7. Nbd2 dxe4 8. dxe4
Nc6 9. c3 e5 10. a4 Bg4 11. h3 Bh5 12. Qe2 Qd7 13. Nc4 Qe6 14. g4 Bg6 15. Bg5 h6
16. Bxf6 Bxf6 17. Qe3 b6 18. Rfd1 Rfd8 19. Qe2 Rxd1+ 20. Rxd1 Rd8 21. Rxd8+ Nxd8
22. Nfd2 Bg5 23. Bf1 Bf4 24. Ne3 Bxe3 25. Qxe3 Qd7 26. Nf3 Qd6 27. Bc4 Kh7 28.
Nh4 Qf6 29. Nxg6 fxg6 30. a5 Nc6 31. a6 Qd6 32. Bd5 Ne7 33. Qd3 Kh8 34. Kg2 g5
35. f3 Ng6 36. Kg3 Nf4 37. Qd1 c4 38. Qa4 Qf8 39. Qc6 Nd3 40. Qa8 Qxa8 41. Bxa8
Nxb2 42. Bd5 b5 43. Bc6 b4 44. cxb4 c3 45. b5 Nc4 46. Bd5 c2 47. Bxc4 c1=Q 48.
Bd5 Qg1# 0-1

[Event "Titled Tue 10th Jun Late"]
[Site "chess.com INT"]
[Date "2025.06.10"]
[Round "10"]
[White "Shafer, Logan C"]
[Black "Halynyazov, Vepaly"]
[Result "0-1"]
[WhiteTitle "CM"]
[WhiteElo "2217"]
[BlackElo "2189"]
[WhiteFideId "30993342"]
[BlackFideId "14004020"]
[EventDate "2025.06.10"]

1. Nf3 d5 2. e3 Nf6 3. c4 e6 4. b3 b6 5. Bb2 Bb7 6. Nc3 a6 7. Be2 Bd6 8. O-O
Nbd7 9. d4 O-O 10. Rc1 Re8 11. Bd3 c5 12. Ne2 cxd4 13. exd4 Rc8 14. Ng3 Bf4 15.
Rc2 Qe7 16. Ne5 Nxe5 17. dxe5 Nd7 18. Qe2 Nc5 19. Nh5 Bh6 20. cxd5 Bxd5 21. Rxc5
Rxc5 22. Ba3 Qg5 23. f4 Qe7 24. Qg4 Rec8 25. Nf6+ Kh8 26. Nxh7 Qc7 27. Bxc5
Qxc5+ 28. Kh1 Qe3 29. Rd1 Rc1 30. Ng5 Bxg5 31. fxg5 Qd2 32. Be2 Qe1+ 33. Bf1
Qxf1+ 0-1

[Event "Titled Tue 10th Jun Late"]
[Site "chess.com INT"]
[Date "2025.06.10"]
[Round "10"]
[White "Vila Dupla, Aurelio"]
[Black "Quinones Garcia, Santiago"]
[Result "1/2-1/2"]
[WhiteTitle "FM"]
[BlackTitle "FM"]
[WhiteElo "2056"]
[BlackElo "2259"]
[WhiteFideId "2203383"]
[BlackFideId "4408497"]
[EventDate "2025.06.10"]

1. Nf3 d5 2. d4 c6 3. c4 Nf6 4. cxd5 cxd5 5. Nc3 g6 6. Bf4 Bg7 7. e3 O-O 8. Bd3
Nc6 9. O-O Bg4 10. h3 Bxf3 11. Qxf3 e6 12. a3 a5 13. Nb5 Nd7 14. Bd6 Ne7 15. Bc7
Qc8 16. Rfc1 Nc6 17. Bd6 Rd8 18. Be7 Nxe7 19. Rxc8 Raxc8 20. Nd6 Rb8 21. Rc1 Nf6
22. Nb5 Nc6 23. g4 Ne8 24. g5 Nd6 25. Nxd6 Rxd6 26. Qg3 Rdd8 27. Bb5 Rdc8 28.
Bxc6 bxc6 29. Rxc6 Rxc6 30. Qxb8+ Bf8 31. Qb5 Rc1+ 32. Kg2 Rb1 33. Qxa5 Rxb2 34.
a4 Ra2 35. Qa8 Kg7 36. a5 Bb4 37. a6 Be1 38. a7 Bxf2 39. Kf3 Be1 40. Qb8 Rf2+
41. Kg3 Rb2+ 42. Kf3 Rf2+ 43. Kg4 Rg2+ 44. Kf4 Rf2+ 45. Ke5 Rf5+ 46. Kd6 Bg3+
47. Kd7 Bxb8 48. axb8=Q Rxg5 49. Qf4 Rf5 50. Qg4 g5 51. Ke7 Kg6 52. Qg3 h5 53.
Ke8 Kg7 54. Ke7 Kg6 55. Ke8 Kg7 56. Ke7 Kg6 1/2-1/2

[Event "Titled Tue 10th Jun Late"]
[Site "chess.com INT"]
[Date "2025.06.10"]
[Round "10"]
[White "Rabin, Evan"]
[Black "Amarasinghe, A A C B"]
[Result "0-1"]
[BlackTitle "CM"]
[WhiteElo "1945"]
[BlackElo "1922"]
[WhiteFideId "2028670"]
[BlackFideId "9901809"]
[EventDate "2025.06.10"]

1. e4 e6 2. d4 d5 3. Nd2 c5 4. Ngf3 cxd4 5. exd5 Qxd5 6. Bc4 Qd6 7. O-O Nc6 8.
Nb3 Nf6 9. Nbxd4 Nxd4 10. Nxd4 a6 11. a4 Be7 12. c3 O-O 13. Qe2 b6 14. Rd1 Qc7
15. Bg5 Bb7 16. Re1 h6 17. Nxe6 fxe6 18. Qxe6+ Kh8 19. Qxe7 Qc6 20. Bf1 hxg5 21.
Re3 Rae8 22. Rh3+ Nh7 23. Qxg5 Qf6 24. Qxf6 Rxf6 25. Bd3 g6 26. Rg3 Kg7 27. a5
b5 28. h4 Re5 29. Rd1 Be4 30. Bxe4 Rxe4 31. Rd7+ Rf7 32. Rd6 Rf6 33. Rd7+ Kh6
34. Rgd3 Rxh4 35. g3 Ra4 36. Kg2 Rxa5 37. R3d4 g5 38. R4d5 Ra2 39. Rd2 a5 40.
R7d6 b4 41. Rxf6+ Nxf6 42. cxb4 axb4 43. f4 g4 44. Kf2 Ne4+ 45. Ke3 Nxd2 0-1

[Event "Titled Tue 10th Jun Late"]
[Site "chess.com INT"]
[Date "2025.06.10"]
[Round "10"]
[White "Clawitter, Craig"]
[Black "Buchenau, Frank"]
[Result "1-0"]
[BlackTitle "FM"]
[WhiteElo "2050"]
[BlackElo "2205"]
[WhiteFideId "2023105"]
[BlackFideId "4604350"]
[EventDate "2025.06.10"]

1. e4 e6 2. d4 d5 3. e5 c5 4. c3 Qb6 5. Nf3 Bd7 6. Bd3 cxd4 7. cxd4 Nc6 8. O-O
Nxd4 9. Nbd2 Nxf3+ 10. Nxf3 Ne7 11. Be3 Qc7 12. Rc1 Nc6 13. a3 Be7 14. b4 a6 15.
Bb1 f6 16. Bd4 O-O 17. exf6 Bxf6 18. Qd3 g6 19. Bxf6 Rxf6 20. Rfe1 Raf8 21. Re2
Rxf3 22. gxf3 Qf4 23. Qe3 Qxf3 24. Qxf3 Rxf3 25. Re3 Rf4 26. Bd3 Kf7 27. b5 axb5
28. Bxb5 Kf6 29. a4 e5 30. a5 Rb4 31. Bxc6 bxc6 32. Ra3 Rb7 33. a6 Ra7 34. Rb1
Ke6 35. Rb7 Ra8 36. a7 Kd6 37. Rb8 1-0

[Event "Titled Tue 10th Jun Late"]
[Site "chess.com INT"]
[Date "2025.06.10"]
[Round "10"]
[White "Shuvalova, Polina"]
[Black "Chen, Yidong"]
[Result "1-0"]
[WhiteTitle "IM"]
[WhiteElo "2480"]
[BlackElo "2074"]
[WhiteFideId "24171760"]
[BlackFideId "8607028"]
[EventDate "2025.06.10"]

1. Nf3 Nf6 2. g3 g6 3. Bg2 Bg7 4. O-O O-O 5. d4 d5 6. c4 c6 7. cxd5 cxd5 8. Nc3
Nc6 9. Ne5 Bf5 10. Nxc6 bxc6 11. Bf4 Ne4 12. Rc1 Nxc3 13. Rxc3 Qb6 14. e3 Qxb2
15. Rxc6 Qxa2 16. Qa1 Qxa1 17. Rxa1 e6 18. Raa6 Bd3 19. Ra3 Bb5 20. Rc7 a6 21.
Bf1 h6 22. Kg2 Rfb8 23. Rc5 Bxf1+ 24. Kxf1 Rb1+ 25. Kg2 Bf8 26. Rac3 Bxc5 27.
dxc5 Rb4 28. c6 Rc4 29. Ra3 Rxc6 30. h4 h5 31. Be5 f5 32. Kf3 Kf7 33. Kf4 a5 34.
Rb3 Rc4+ 35. Kg5 Rg4+ 36. Kh6 Ra7 37. Rb8 Re4 38. f4 Rxe5 39. fxe5 a4 40. Rh8
Ra6 41. Rh7+ Kg8 42. Kxg6 a3 43. Rc7 Ra8 44. Rc1 a2 45. Ra1 Ra3 46. Kf6 Ra6 47.
Kg6 Kf8 48. Kxh5 Kg7 49. Kg5 Ra4 50. Kh5 Ra3 51. Kg5 Rxe3 52. Rxa2 Rxg3+ 53. Kh5
Re3 54. Ra7+ Kf8 55. Kg6 Rxe5 56. Kf6 Ke8 57. Kxe5 1-0

[Event "Titled Tue 10th Jun Late"]
[Site "chess.com INT"]
[Date "2025.06.10"]
[Round "10"]
[White "Yeganegi, Barad"]
[Black "Movahed, Sina"]
[Result "0-1"]
[WhiteTitle "FM"]
[BlackTitle "GM"]
[WhiteElo "2400"]
[BlackElo "2544"]
[WhiteFideId "42516340"]
[BlackFideId "42520835"]
[EventDate "2025.06.10"]

1. e4 c5 2. d4 cxd4 3. Qxd4 Nc6 4. Qd3 Nf6 5. Nc3 d6 6. Bg5 Bd7 7. h3 Rc8 8. a3
Qb6 9. Qb5 Qxb5 10. Bxb5 Ne5 11. Bxd7+ Nfxd7 12. Nge2 e6 13. O-O a6 14. Rfd1 h6
15. Bc1 Be7 16. Rb1 g5 17. f4 gxf4 18. Bxf4 h5 19. Kf2 Rg8 20. Rg1 b5 21. g3 Bd8
22. Rgd1 Rc6 23. Kg2 Nc4 24. Nd4 Rc8 25. Nde2 Bf6 26. Na2 Bxb2 27. Nb4 Nc5 28.
Kf3 Bxa3 29. Bxd6 Na4 30. e5 Nab2 0-1

[Event "Titled Tue 10th Jun Late"]
[Site "chess.com INT"]
[Date "2025.06.10"]
[Round "10"]
[White "Mei, Austin"]
[Black "Shukhman, Anna"]
[Result "0-1"]
[WhiteTitle "FM"]
[BlackTitle "WGM"]
[WhiteElo "2280"]
[BlackElo "2413"]
[WhiteFideId "30948479"]
[BlackFideId "54180058"]
[EventDate "2025.06.10"]

1. e4 c5 2. Nf3 d6 3. d4 cxd4 4. Nxd4 Nf6 5. Nc3 g6 6. f3 Nc6 7. Be3 h5 8. Bc4
Bd7 9. Bb3 Bg7 10. Qe2 Nxe4 11. fxe4 Nxd4 12. Bxf7+ Kxf7 13. Qf2+ Nf5 14. exf5
Bxf5 15. O-O Rf8 16. Nd5 e6 17. Nf4 Kg8 18. Qg3 h4 19. Qe1 e5 20. Nd5 h3 21. Qg3
hxg2 22. Qxg2 Qd7 23. Rad1 Rae8 24. Rf2 Qa4 25. b3 Qh4 26. Bg5 Qh5 27. Rdf1 Bh3
28. Rxf8+ Rxf8 29. Rxf8+ Kxf8 30. Qf2+ Bf5 31. Be7+ Kf7 32. c4 Qg4+ 33. Kh1 Ke8
34. h4 Be4+ 35. Kh2 Bxd5 36. cxd5 Kxe7 37. Qxa7 Qxh4+ 38. Kg2 Qe4+ 39. Kh2 Qxd5
40. Qb8 e4 41. Kg2 Qd2+ 42. Kg3 Be5+ 43. Kg4 Qf4+ 44. Kh3 Qg3# 0-1

[Event "Titled Tue 10th Jun Late"]
[Site "chess.com INT"]
[Date "2025.06.10"]
[Round "10"]
[White "Asish Panda"]
[Black "Ngo, Quang Thai"]
[Result "1/2-1/2"]
[BlackTitle "FM"]
[WhiteElo "1911"]
[BlackElo "2326"]
[WhiteFideId "45012458"]
[BlackFideId "12403768"]
[EventDate "2025.06.10"]

1. e4 c5 2. Nf3 e6 3. g3 Nc6 4. Bg2 Nf6 5. d3 d5 6. exd5 exd5 7. O-O Be7 8. c3
O-O 9. d4 Bg4 10. dxc5 Bxc5 11. Nbd2 d4 12. Nb3 Bb6 13. cxd4 Bxf3 14. Qxf3 Nxd4
15. Nxd4 Bxd4 16. Qxb7 Rb8 17. Qa6 Ng4 18. Qe2 Nxf2 19. Rxf2 Re8 20. Qf3 Re1+
21. Bf1 Bxf2+ 22. Qxf2 Qe8 23. Qxa7 Rc8 24. Qf2 h6 25. a4 Rcxc1 26. Rxc1 Rxc1
27. a5 Ra1 28. a6 Qa8 29. b4 Qxa6 30. Qf5 Qb6+ 31. Kg2 Ra2+ 32. Kh3 Qxb4 33. Bg2
Qd2 34. Qc8+ Kh7 35. Qf5+ Kg8 36. Qc8+ Kh7 37. Qf5+ Kg8 1/2-1/2